000 00994cab a2200361 4500
001 ABS53560
008 090401t1995 xxu||||| |||| 00| 0 eng d
035 _a(Sirsi) u5092
041 _aeng
245 _aMarket report: Berkshire
260 _c1995
350 _a0
490 _aProperty Week
_v52(11) 14 September 1995, 40-63(10)
650 _aBERKSHIRE
650 _aBRACKNELL
650 _aINDUSTRIAL MARKET
650 _aINDUSTRIAL RENTS
650 _aMAIDENHEAD
650 _aNEWBURY
650 _aPROPERTY-COMMERCIAL PROPERTY-OFFICE PROPERTY-OFFICE PROPERTY MARKET
650 _aOFFICE RENTS
650 _aREADING
650 _aPROPERTY-COMMERCIAL PROPERTY-RETAIL PROPERTY-RETAIL PROPERTY MARKET
650 _aRETAIL RENTS
650 _aSLOUGH
650 _aTHAMES VALLEY PARK
650 _aTHATCHAM
650 _aWINDSOR
650 _aWOKINGHAM
690 _aPROPERTY-COMMERCIAL PROPERTY-COMMERCIAL PROPERTY MARKET
942 _n0
948 _c04/03/1997
999 _c3054
_d3054